Nakladanie s bioodpadom v podmienkach SR

Charakteristika pojmu bioodpad. Zhodnocovanie biologicky rozložiteľných komunálnych odpadov. Zákaz skládkovania odpadu. Plnenie povinnosti zabezpečiť separovanie bioodpadu.

Gespeichert in:
Bibliographische Detailangaben
1. Verfasser: Urblíková, Daniela
Format: Buchkapitel
Sprache:Slowakisch
Schlagworte:
Tags: Tag hinzufügen
Keine Tags, Fügen Sie das erste Tag hinzu!

MARC

LEADER 00000naa a2200000 4500
001 0171881
005 20240502072939.6
041 0 |a slo 
044 |a SK 
245 1 0 |a Nakladanie s bioodpadom v podmienkach SR  |c Daniela Urblíková 
520 |a Charakteristika pojmu bioodpad. Zhodnocovanie biologicky rozložiteľných komunálnych odpadov. Zákaz skládkovania odpadu. Plnenie povinnosti zabezpečiť separovanie bioodpadu. 
610 2 0 |a odpad 
610 2 0 |a bioodpad 
610 2 0 |a odpad komunálny 
610 2 0 |a zber separovaný 
610 2 0 |a legislatíva 
610 2 0 |a obce 
610 2 0 |a samospráva 
100 1 |a Urblíková, Daniela